[Event "Milan SSM July"]
[Site "Milan"]
[Date "2015.07.03"]
[Round "2"]
[White "Vezzosi, Paolo"]
[Black "Spelta, Andrea"]
[Result "1-0"]
[WhiteElo "2349"]
[BlackElo "1788"]
[PlyCount "77"]
[EventDate "2015.07.02"]
[EventType "swiss"]
[EventRounds "5"]
[EventCountry "ITA"]
[SourceTitle "EXT 2024"]
[Source "ChessBase"]
[SourceDate "2023.10.10"]
[SourceVersion "1"]
[SourceVersionDate "2023.10.10"]
[SourceQuality "1"]

1. e4 b6 2. c4 Bb7 3. Nc3 e6 4. Nf3 g6 5. d4 Bg7 6. Bd3 Ne7 7. Be3 d6 8. Qd2 h6 9. 0-0-0 Nd7 10. Ne1 e5 11. d5 Nf6 12. f3 g5 13. h4 gxh4 14. Rxh4 h5 15. Bc2 Bc8 16. Nd3 Ng6 17. Rh2 a5 18. Rdh1 Bd7 19. Bg5 Qe7 20. Ne2 0-0-0 21. Ng3 h4 22. Nf5 Qf8 23. Nxh4 Nxh4 24. Rxh4 Rxh4 25. Rxh4 Qe7 26. a3 Rh8 27. Rxh8+ Bxh8 28. b4 axb4 29. axb4 Qe8 30. c5 Bb5 31. Be3 Nd7 32. c6 Nf8 33. Qc3 Kd8 34. Qa3 Ke7 35. Qa7 Qc8 36. Bxb6 Bf6 37. Bxc7 Bg5+ 38. Kb2 Ng6 39. Bxd6+ 1-0

[Event "Milan SSM op 05"]
[Site "Milan"]
[Date "2015.05.24"]
[Round "6"]
[White "Spelta, Andrea"]
[Black "Bisignano, Giuseppe"]
[Result "1-0"]
[WhiteElo "1782"]
[BlackElo "1824"]
[PlyCount "89"]
[EventDate "2015.05.20"]
[EventType "swiss"]
[EventRounds "6"]
[EventCountry "ITA"]
[SourceTitle "EXT 2017"]
[Source "ChessBase"]
[SourceDate "2016.10.25"]
[SourceVersion "1"]
[SourceVersionDate "2016.10.25"]
[SourceQuality "1"]

1. e4 e5 2. Nf3 Nc6 3. Bc4 Nf6 4. d3 Bc5 5. Be3 Qe7 6. Nc3 Bxe3 7. fxe3 Na5 8. Bb3 Nxb3 9. axb3 c6 10. Qe2 b5 11. 0-0 0-0 12. Qd2 Bb7 13. Ne2 c5 14. c4 Bc6 15. Ng3 g6 16. Ra6 bxc4 17. bxc4 Bb7 18. Raa1 Rfb8 19. h3 d6 20. Qf2 Kg7 21. Nh4 Bc8 22. Ra2 Rb3 23. Qc2 Rab8 24. Nf3 Ne8 25. Nd2 R3b6 26. b3 Qh4 27. Rf3 R8b7 28. Ra1 Nc7 29. Raf1 Ne6 30. Ne2 a5 31. Nc1 Ng5 32. R3f2 Qg3 33. Kh1 f5 34. Nf3 Nxf3 35. Rxf3 Qg5 36. exf5 gxf5 37. Qf2 Kh8 38. g4 a4 39. bxa4 Rb2 40. Ne2 R7b3 41. gxf5 Qf6 42. e4 Rd2 43. Rg1 Rbb2 44. Qg2 Qf8 45. Rg3 1-0